| 000 | 00422cam a22001217a 4500 | ||
|---|---|---|---|
| 008 | 180718b1961 xxu||||| |||| 00| 0 eng d | ||
| 082 | _aB3x561 In7 | ||
| 245 | _aTeknik yardim program larinin hazirlanmasi | ||
| 260 |
_aAnkara _bInstitute of Public Administration for Turkey and the Middle East _c1961 |
||
| 300 | _a13 pts in 1 | ||
| 500 | _a(Part of the pamphlets bound to gather) | ||
| 650 | _aPublic Administration - Turkey | ||
| 999 |
_c370712 _d370712 |
||